Statistiques concernant Pays asiatiques aléatoires par drapeau

Cliquez ici pour prendre le quiz!

Statistiques générales

  • Ce quiz a été pris 50 975 fois
    (47 298 depuis la dernière actualisation)
  • Le résultat moyen est 8 sur 10

Statistiques - réponses

Réponse% Correct
Japon
97%
Chine
96%
Corée du Sud
96%
Inde
96%
Israël
95%
Turquie
95%
Chypre
94%
Liban
92%
Qatar
92%
Arabie Saoudite
91%
Viêt Nam
91%
Népal
90%
Corée du Nord
88%
Géorgie
87%
Iran
87%
Pakistan
85%
Thaïlande
85%
Cambodge
84%
Irak
83%
Sri Lanka
82%
Bangladesh
81%
Indonésie
81%
Malaisie
80%
Bhoutan
79%
Kazakhstan
78%
Singapour
78%
Syrie
77%
Arménie
76%
Laos
76%
Philippines
73%
Azerbaïdjan
70%
Taïwan
70%
Afghanistan
69%
Mongolie
68%
Émirats arabes unis
67%
Ouzbékistan
66%
Bahreïn
64%
Jordanie
62%
Turkménistan
62%
Yémen
61%
Birmanie
60%
Brunei
59%
Kirghizistan
55%
Koweït
55%
Maldives
54%
Oman
52%
Tadjikistan
49%
Timor oriental
46%

Distribution des résultats

Percentile par nombre de réponses

% des personnes avec chaque résultat

Votre développement - résultats

Vous n’avez pas pris ce quiz depuis la dernière actualisation